[Event "Altea Cap Negret op 65+ 1st"]
[Site "Altea"]
[Date "2023.11.16"]
[Round "6"]
[White "Fernandes, Jose Costa Jr"]
[Black "Varga, Mariano"]
[Result "1-0"]
[WhiteElo "2231"]
[BlackElo "1960"]
[PlyCount "85"]
[EventDate "2023.11.12"]
[EventType "swiss"]
[EventRounds "8"]
[EventCountry "ESP"]
[SourceTitle "CB49_2023"]
[SourceDate "2023.12.06"]
[SourceVersion "1"]
[SourceVersionDate "2023.12.06"]
[SourceQuality "1"]

1. e4 c5 2. Nf3 e6 3. d4 cxd4 4. Nxd4 a6 5. Bd3 Nf6 6. 0-0 d6 7. Qe2 Qc7 8. Kh1 g6 9. f4 Bg7 10. Be3 0-0 11. Nd2 Nc6 12. c3 e5 13. Nxc6 Qxc6 14. f5 gxf5 15. exf5 d5 16. Bg5 Re8 17. Nb3 Bd7 18. Rae1 Qa4 19. Nc5 Qc6 20. Nxd7 Qxd7 21. Qf2 Kh8 22. Qh4 Qc6 23. Re3 e4 24. Rh3 Kg8 25. Be2 Kf8 26. Be3 Ke7 27. Rg3 Rg8 28. Bd4 Bh8 29. Re3 Kd7 30. g4 h6 31. Rg1 Nh7 32. Qh5 Raf8 33. f6 Rg6 34. g5 Rfg8 35. Bg4+ Ke8 36. h4 Bxf6 37. gxf6 Nxf6 38. Qe5+ Kf8 39. Qb8+ Ne8 40. Qf4 h5 41. Rf1 Qc7 42. Qxc7 Nxc7 43. Bxh5 1-0

[Event "Rio de Janeiro Fexerj Masters"]
[Site "Rio de Janeiro"]
[Date "2005.06.25"]
[Round "5"]
[White "D'Oliveira, Marcos Arruda"]
[Black "Fernandes, Jose Costa Jr"]
[Result "0-1"]
[WhiteElo "2144"]
[BlackElo "2220"]
[PlyCount "62"]
[EventDate "2005.03.08"]
[EventType "swiss"]
[EventRounds "7"]
[EventCountry "BRA"]
[SourceTitle "EXT 2007"]
[Source "ChessBase"]
[SourceDate "2006.11.23"]
[SourceVersion "1"]
[SourceVersionDate "2006.11.23"]
[SourceQuality "1"]

1. c4 c5 2. Nc3 Nf6 3. e4 Nc6 4. g3 d6 5. Bg2 g6 6. Nge2 Bg7 7. 0-0 0-0 8. d3 a6 9. h3 Ne8 10. Be3 Nd4 11. Rb1 Bd7 12. a4 Rb8 13. b4 b6 14. g4 f5 15. gxf5 gxf5 16. bxc5 Nxe2+ 17. Nxe2 bxc5 18. Rxb8 Qxb8 19. exf5 Bxf5 20. d4 Qc8 21. dxc5 Bxh3 22. Nf4 Bxg2 23. Kxg2 Nf6 24. Rh1 dxc5 25. Nd5 Qc6 26. f3 Nxd5 27. cxd5 Qg6+ 28. Kf2 Rb8 29. Rg1 Rb2+ 30. Kf1 Qf5 31. Bc1 Qh3+ 0-1

[Event "Rio de Janeiro Fexerj Masters"]
[Site "Rio de Janeiro"]
[Date "2005.06.19"]
[Round "2"]
[White "Vilela, Vinicius"]
[Black "Fernandes, Jose Costa Jr"]
[Result "1/2-1/2"]
[WhiteElo "2157"]
[BlackElo "2220"]
[PlyCount "43"]
[EventDate "2005.03.08"]
[EventType "swiss"]
[EventRounds "7"]
[EventCountry "BRA"]
[SourceTitle "EXT 2007"]
[Source "ChessBase"]
[SourceDate "2006.11.23"]
[SourceVersion "1"]
[SourceVersionDate "2006.11.23"]
[SourceQuality "1"]

1. d4 Nf6 2. c4 c5 3. d5 b5 4. cxb5 a6 5. Nc3 g6 6. e4 d6 7. Nf3 Nbd7 8. Bd3 Bg7 9. Qe2 0-0 10. 0-0 axb5 11. Bxb5 Qa5 12. Bg5 Ba6 13. a4 Rfb8 14. Rab1 Bxb5 15. axb5 h6 16. Bh4 Qb4 17. Ne1 Nb6 18. Nc2 Qb3 19. Qd3 Na4 20. Na1 Qb4 21. Nc2 Qb3 22. Na1 1/2-1/2

[Event "Vila Velha Cup"]
[Site "Vila Velha"]
[Date "2000.09.17"]
[Round "7"]
[White "Cantarino Neto, Mario Ribeiro"]
[Black "Fernandes, Jose Costa Jr"]
[Result "1/2-1/2"]
[WhiteElo "2255"]
[BlackElo "2278"]
[PlyCount "21"]
[EventDate "2000.09.14"]
[EventType "swiss"]
[EventRounds "7"]
[EventCountry "BRA"]
[SourceTitle "EXT 2001"]
[Source "ChessBase"]
[SourceDate "2000.11.22"]
[SourceVersion "1"]
[SourceVersionDate "2000.11.22"]
[SourceQuality "1"]

1. d4 Nf6 2. c4 g6 3. Nc3 Bg7 4. e4 d6 5. Nf3 0-0 6. Be2 e5 7. 0-0 Nc6 8. d5 Ne7 9. b4 a5 10. bxa5 Rxa5 11. Nd2 1/2-1/2

[Event "Rio de Janeiro Magistral"]
[Site "Rio de Janeiro"]
[Date "2000.07.08"]
[Round "6.7"]
[White "De Oliveira, Roberto Manoel"]
[Black "Fernandes, Jose Costa Jr"]
[Result "1/2-1/2"]
[WhiteElo "2134"]
[BlackElo "2263"]
[PlyCount "26"]
[EventDate "2000.07.??"]
[EventType "swiss"]
[EventRounds "7"]
[EventCountry "BRA"]
[SourceTitle "EXT 2003"]
[Source "ChessBase"]
[SourceDate "2002.11.25"]
[SourceVersion "1"]
[SourceVersionDate "2002.11.25"]
[SourceQuality "1"]

1. e4 c5 2. Nf3 e6 3. d4 cxd4 4. Nxd4 a6 5. Bd3 Qc7 6. 0-0 Bc5 7. Nb3 Ba7 8. Qg4 Kf8 9. Bf4 d6 10. Qg3 e5 11. Bg5 h6 12. Qh4 Ne7 13. Bxe7+ Qxe7 1/2-1/2

[Event "Rio de Janeiro Magistral"]
[Site "Rio de Janeiro"]
[Date "2000.07.06"]
[Round "5.6"]
[White "Porto, Cristiano Nogueira"]
[Black "Fernandes, Jose Costa Jr"]
[Result "1/2-1/2"]
[WhiteElo "2169"]
[BlackElo "2263"]
[PlyCount "24"]
[EventDate "2000.07.??"]
[EventType "swiss"]
[EventRounds "7"]
[EventCountry "BRA"]
[SourceTitle "EXT 2003"]
[Source "ChessBase"]
[SourceDate "2002.11.25"]
[SourceVersion "1"]
[SourceVersionDate "2002.11.25"]
[SourceQuality "1"]

1. e4 e5 2. Nf3 Nf6 3. Nxe5 d6 4. Nf3 Nxe4 5. d4 d5 6. Bd3 Bd6 7. 0-0 0-0 8. Re1 Nf6 9. Bg5 Be6 10. Nbd2 Nbd7 11. c3 c6 12. Qc2 h6 1/2-1/2

[Event "Rio de Janeiro Magistral"]
[Site "Rio de Janeiro"]
[Date "2000.07.04"]
[Round "3.3"]
[White "Fernandes, Jose Costa Jr"]
[Black "Teixeira, Ricardo da Silva"]
[Result "0-1"]
[WhiteElo "2263"]
[BlackElo "2342"]
[PlyCount "72"]
[EventDate "2000.07.??"]
[EventType "swiss"]
[EventRounds "7"]
[EventCountry "BRA"]
[SourceTitle "EXT 2003"]
[Source "ChessBase"]
[SourceDate "2002.11.25"]
[SourceVersion "1"]
[SourceVersionDate "2002.11.25"]
[SourceQuality "1"]

1. e4 Nf6 2. e5 Nd5 3. d4 d6 4. Nf3 dxe5 5. Nxe5 Nd7 6. Nxf7 Kxf7 7. Qh5+ Ke6 8. Nc3 N7f6 9. Qe5+ Kf7 10. Bc4 e6 11. Bg5 Bd6 12. Qe2 Nxc3 13. bxc3 Re8 14. h4 Bd7 15. Rh3 Kg8 16. Kf1 b5 17. Bxb5 Bxb5 18. Qxb5 Qd7 19. Qd3 Nd5 20. Qe4 Qb5+ 21. Kg1 e5 22. Qg4 exd4 23. Bh6 Re7 24. cxd4 Qe2 25. Qxe2 Rxe2 26. c4 Rae8 27. Kf1 gxh6 28. cxd5 Rd2 29. Re3 Rxe3 30. fxe3 Bg3 31. a4 Rf2+ 32. Kg1 Re2 33. Kf1 Rxe3 34. a5 a6 35. Rc1 Kf7 36. h5 Ke7 0-1

[Event "Paulisto-ch4"]
[Site "Americana"]
[Date "2000.06.24"]
[Round "6"]
[White "Fernandes, Jose Costa Jr"]
[Black "Cruz, Ricardo Benares de"]
[Result "1-0"]
[WhiteElo "2272"]
[BlackElo "2236"]
[PlyCount "49"]
[EventDate "2000.06.22"]
[EventType "swiss"]
[EventRounds "7"]
[EventCountry "BRA"]
[SourceTitle "EXT 2001"]
[Source "ChessBase"]
[SourceDate "2000.11.22"]
[SourceVersion "1"]
[SourceVersionDate "2000.11.22"]
[SourceQuality "1"]

1. e4 c5 2. Nf3 e6 3. d4 cxd4 4. Nxd4 a6 5. Bd3 Bc5 6. Nb3 Be7 7. 0-0 d6 8. c4 Nf6 9. Nc3 0-0 10. Qe2 Nc6 11. f4 Qc7 12. Be3 b6 13. Rac1 Bb7 14. Nd5 exd5 15. cxd5 Qd7 16. dxc6 Bxc6 17. Bxb6 Qb7 18. Bd4 a5 19. Nd2 Rfe8 20. Rfe1 Rac8 21. Ba6 Qa8 22. Bxc8 Rxc8 23. Nc4 Re8 24. Bxf6 gxf6 25. Nxa5 1-0

[Event "Paulisto-ch4"]
[Site "Americana"]
[Date "2000.06.23"]
[Round "4"]
[White "Fernandes, Jose Costa Jr"]
[Black "Blank Goncalves, Eduardo"]
[Result "1/2-1/2"]
[WhiteElo "2272"]
[BlackElo "2149"]
[PlyCount "23"]
[EventDate "2000.06.22"]
[EventType "swiss"]
[EventRounds "7"]
[EventCountry "BRA"]
[SourceTitle "EXT 2001"]
[Source "ChessBase"]
[SourceDate "2000.11.22"]
[SourceVersion "1"]
[SourceVersionDate "2000.11.22"]
[SourceQuality "1"]

1. e4 d6 2. d4 Nf6 3. Nc3 g6 4. f3 Nbd7 5. Be3 c6 6. Qd2 b5 7. a3 Nb6 8. Bd3 a6 9. Nge2 d5 10. e5 Nh5 11. Bh6 Ng7 12. g4 1/2-1/2

[Event "Vince Toth Memorial 1st"]
[Site "Rio de Janeiro"]
[Date "1999.01.31"]
[Round "1"]
[White "Sunye Neto, Jaime"]
[Black "Fernandes, Jose Costa Jr"]
[Result "1-0"]
[WhiteElo "2546"]
[BlackElo "2310"]
[PlyCount "77"]
[EventDate "1999.01.??"]
[EventType "tourn"]
[EventRounds "9"]
[EventCountry "BRA"]
[EventCategory "7"]
[SourceTitle "CBM 068 Extra"]
[Source "ChessBase"]
[SourceDate "1999.03.01"]
[SourceVersion "1"]
[SourceVersionDate "1999.03.01"]
[SourceQuality "1"]

1. c4 e5 2. Nc3 Nf6 3. Nf3 d6 4. g3 g6 5. d4 Nbd7 6. Bg2 Bg7 7. 0-0 0-0 8. e4 Re8 9. Re1 c6 10. h3 Qc7 11. Be3 exd4 12. Nxd4 Nc5 13. Qc2 a5 14. Rad1 Bd7 15. f4 Ne6 16. Nde2 Rad8 17. Qb3 Ra8 18. Na4 c5 19. Nb6 Rad8 20. Nxd7 Nxd7 21. Kh2 Qb6 22. Qxb6 Nxb6 23. b3 h6 24. Rd3 Bf8 25. Nc3 Nc7 26. Red1 Ra8 27. e5 dxe5 28. Ne4 Kg7 29. fxe5 Rxe5 30. Bf4 Rae8 31. Rd8 f6 32. Rxe8 Nxe8 33. Bxe5 fxe5 34. Rd8 Kf7 35. Rb8 Nd7 36. Rxb7 Ke6 37. h4 Ng7 38. Bh3+ Nf5 39. h5 1-0

[Event "Classificatorio CXG"]
[Site "Brazil"]
[Date "1998.??.??"]
[Round "?"]
[White "Fernandes, Jose Costa Jr"]
[Black "Chaves, Jorge Antonio Torre"]
[Result "1-0"]
[WhiteElo "2295"]
[BlackElo "2120"]
[PlyCount "153"]
[EventDate "1998.??.??"]
[EventType "tourn"]
[EventRounds "9"]
[EventCountry "BRA"]
[SourceTitle "EXT 2002"]
[Source "ChessBase"]
[SourceDate "2001.11.25"]
[SourceVersion "1"]
[SourceVersionDate "2001.11.25"]
[SourceQuality "1"]

1. Nf3 Nf6 2. g3 g6 3. Bg2 Bg7 4. 0-0 0-0 5. d3 d6 6. Nbd2 Nc6 7. e4 e5 8. Nc4 Bd7 9. a4 a6 10. a5 b5 11. axb6 cxb6 12. Be3 b5 13. Nb6 Ng4 14. Nxa8 Nxe3 15. fxe3 Qxa8 16. Kh1 Qa7 17. Qe2 Bh6 18. Rfe1 Rc8 19. d4 Qb6 20. c3 Bg7 21. Red1 Be8 22. Ne1 Na5 23. Nd3 Nb7 24. Nb4 a5 25. Nd5 Qd8 26. Bh3 Rb8 27. Rf1 a4 28. Qf3 Na5 29. Rf2 Nc4 30. Raf1 Rb7 31. Bg2 Nb6 32. Nb4 Nc4 33. h4 h5 34. Bh3 Bh6 35. Re1 Ra7 36. Ree2 a3 37. b3 Na5 38. dxe5 dxe5 39. Rd2 Qa8 40. Nd5 Nxb3 41. Ra2 Bg7 42. Qd1 Nc5 43. Bg2 Bc6 44. Rfd2 Kh7 45. Kh2 Ra4 46. Nb6 Qb7 47. Nxa4 bxa4 48. Rxa3 Bxe4 49. Rxa4 Nxa4 50. Qxa4 Bxg2 51. Rxg2 e4 52. Qc4 Be5 53. Rd2 g5 54. Qd5 Qxd5 55. Rxd5 Bxc3 56. Rxg5 Kh6 57. Kg2 Be1 58. Re5 Kg6 59. Rxe4 f6 60. Kf3 Kf5 61. Re8 Bc3 62. e4+ Kg6 63. Rc8 Be5 64. Rc6 Bd4 65. Ra6 Be5 66. Ra5 Bd4 67. g4 hxg4+ 68. Kxg4 Kh6 69. Ra6 Be5 70. Kf5 Kg7 71. h5 Bd4 72. Rd6 Bc3 73. Rd7+ Kh6 74. Rf7 Bd4 75. Rxf6+ Kxh5 76. e5 Bc5 77. e6 1-0

[Event "Vitoria Taca Cidade op"]
[Site "Vitoria"]
[Date "1998.??.??"]
[Round "7"]
[White "Fernandes, Jose Costa Jr"]
[Black "Dumont, Sadi Glasser"]
[Result "1/2-1/2"]
[WhiteElo "2295"]
[BlackElo "2345"]
[PlyCount "88"]
[EventDate "1998.??.??"]
[EventType "swiss"]
[EventRounds "7"]
[EventCountry "BRA"]
[SourceTitle "EXT 2001"]
[Source "ChessBase"]
[SourceDate "2000.11.22"]
[SourceVersion "1"]
[SourceVersionDate "2000.11.22"]
[SourceQuality "1"]

1. e4 c5 2. Nf3 e6 3. d4 cxd4 4. Nxd4 a6 5. Bd3 Nf6 6. 0-0 d6 7. c4 g6 8. Nc3 Bg7 9. Be3 0-0 10. Qe2 Nc6 11. Nc2 b6 12. Rfd1 Bb7 13. f3 Rb8 14. Qf2 Ba8 15. Rac1 Ne5 16. Bf1 Qc7 17. Ne1 Rfe8 18. b3 Red8 19. Kh1 Nfd7 20. Bd4 f5 21. exf5 gxf5 22. Qg3 Nf6 23. Na4 Ng6 24. c5 bxc5 25. Bxf6 Bxf6 26. Rxc5 Qe7 27. Rc4 Bh4 28. Rxh4 Qxh4 29. Bxa6 Qxg3 30. hxg3 Bc6 31. Nc3 d5 32. Bd3 Ne5 33. Bb1 Kf7 34. Kg1 Be8 35. Nd3 Nxd3 36. Bxd3 Kf6 37. f4 d4 38. Ne2 Bc6 39. Kf2 e5 40. fxe5+ Kxe5 41. Nf4 Be4 42. Rh1 Bxd3 43. Rh6 Bc4 44. bxc4 Rd6 1/2-1/2

[Event "Vitoria Taca Cidade op"]
[Site "Vitoria"]
[Date "1998.??.??"]
[Round "4"]
[White "Fernandes, Jose Costa Jr"]
[Black "Teixeira, Ricardo da Silva"]
[Result "1/2-1/2"]
[WhiteElo "2295"]
[BlackElo "2360"]
[PlyCount "37"]
[EventDate "1998.??.??"]
[EventType "swiss"]
[EventRounds "7"]
[EventCountry "BRA"]
[SourceTitle "EXT 2001"]
[Source "ChessBase"]
[SourceDate "2000.11.22"]
[SourceVersion "1"]
[SourceVersionDate "2000.11.22"]
[SourceQuality "1"]

1. e4 Nf6 2. e5 Nd5 3. d4 d6 4. Nf3 g6 5. Bc4 Nb6 6. Bb3 Bg7 7. Ng5 e6 8. f4 dxe5 9. fxe5 c5 10. c3 cxd4 11. cxd4 Nc6 12. 0-0 0-0 13. Nf3 f6 14. exf6 Qxf6 15. Be3 Nd5 16. Bf2 Kh8 17. Nc3 Nxc3 18. bxc3 e5 19. dxe5 1/2-1/2

[Event "Vitoria Taca Cidade op"]
[Site "Vitoria"]
[Date "1998.??.??"]
[Round "5"]
[White "Okamura, Milton Kasuo"]
[Black "Fernandes, Jose Costa Jr"]
[Result "1/2-1/2"]
[WhiteElo "2240"]
[BlackElo "2295"]
[PlyCount "28"]
[EventDate "1998.??.??"]
[EventType "swiss"]
[EventRounds "7"]
[EventCountry "BRA"]
[SourceTitle "EXT 2001"]
[Source "ChessBase"]
[SourceDate "2000.11.22"]
[SourceVersion "1"]
[SourceVersionDate "2000.11.22"]
[SourceQuality "1"]

1. c4 Nf6 2. Nc3 c5 3. Nf3 e6 4. g3 a6 5. Bg2 Qc7 6. 0-0 Be7 7. b3 0-0 8. Bb2 d6 9. d4 cxd4 10. Nxd4 Nc6 11. Rc1 Ne5 12. h3 Re8 13. e4 Ng6 14. f4 Bd7 1/2-1/2

[Event "Brazil op"]
[Site "Pouso Alegre"]
[Date "1997.10.03"]
[Round "3"]
[White "Fernandes, Jose Costa Jr"]
[Black "Batista, Gerson Peres"]
[Result "0-1"]
[WhiteElo "2330"]
[BlackElo "2120"]
[PlyCount "58"]
[EventDate "1997.10.02"]
[EventType "swiss"]
[EventRounds "7"]
[EventCountry "BRA"]
[SourceTitle "CBM 060 Extra"]
[Source "ChessBase"]
[SourceDate "1997.11.04"]
[SourceVersion "1"]
[SourceVersionDate "1997.11.04"]
[SourceQuality "1"]

1. e4 e5 2. Nf3 Nc6 3. Bb5 f5 4. Nc3 fxe4 5. Nxe4 d5 6. Nxe5 dxe4 7. Nxc6 Qg5 8. Qe2 Nf6 9. f4 Qxf4 10. d4 Qd6 11. Ne5+ c6 12. Bc4 Be6 13. Bf4 Bxc4 14. Qxc4 Qd5 15. 0-0-0 Bd6 16. Qb3 b5 17. Kb1 0-0 18. Qh3 a5 19. Rhf1 a4 20. g4 Qe6 21. Qe3 Nd5 22. Qxe4 a3 23. Bc1 axb2 24. Bxb2 Nf6 25. d5 cxd5 26. Qd4 Ra4 27. Qb6 Rb8 28. Qc6 Rc8 29. Qb6 d4 0-1